| 000 | 01336nam a2200337Ia 4500 | ||
|---|---|---|---|
| 001 | ebr10158407 | ||
| 003 | CaPaEBR | ||
| 006 | m u | ||
| 007 | cr cn||||||||| | ||
| 008 | 060531s2007 ne a sb 001 0 eng d | ||
| 010 | _z 2006933361 | ||
| 020 | _z9780080468143 | ||
| 020 | _z0750667559 (pbk.) | ||
| 020 | _z9780750667555 (pbk.) | ||
| 040 |
_aCaPaEBR _cCaPaEBR |
||
| 035 | _a(OCoLC)85824190 | ||
| 050 | 1 | 4 |
_aTK7895.E42 _bW556 2007eb |
| 082 | 0 | 4 |
_a004.16 _222 |
| 100 | 1 | _aWilmshurst, Tim. | |
| 245 | 1 | 0 |
_aDesigning embedded systems with PIC microcontrollers _h[electronic resource] : _bprinciples and applications / _cTim Wilmshurst. |
| 250 | _a1st ed. | ||
| 260 |
_aAmsterdam ; _aBoston ; _aLondon : _bNewnes, _c2007. |
||
| 300 |
_axxiii, 556 p. : _bill. |
||
| 504 | _aIncludes bibliographical references and index. | ||
| 533 |
_aElectronic reproduction. _bPalo Alto, Calif. : _cebrary, _d2009. _nAvailable via World Wide Web. _nAccess may be limited to ebrary affiliated libraries. |
||
| 650 | 0 |
_aEmbedded computer systems _xDesign and construction. |
|
| 650 | 0 |
_aMicroprocessors _xDesign and construction. |
|
| 655 | 7 |
_aElectronic books. _2local |
|
| 710 | 2 | _aebrary, Inc. | |
| 856 | 4 | 0 |
_uhttp://site.ebrary.com/lib/rucke/Doc?id=10158407 _zAn electronic book accessible through the World Wide Web; click to view |
| 999 |
_c134512 _d134512 |
||